000 00391nam a22001217a 4500
082 _a297.197 JAS
100 _aKokkeragadda, Jason
245 _aAN ANALYTICAL STUDY on the ISLAMIC CONCEPT of JUSTICE and its RELEVANCE to the CONTEMPORARY SOCIETY
260 _aHenry Martyn Institute, Hyderabad
_bHenry Martyn Institute
_c2020
300 _a82
650 _aIslam and Politics
942 _cTHES
999 _c23166
_d23166